Opravné položky

Gespeichert in:
Bibliographische Detailangaben
1. Verfasser: Vašeková, Miroslava, 1978-
Format: Buchkapitel
Sprache:Slowakisch
Tags: Tag hinzufügen
Keine Tags, Fügen Sie das erste Tag hinzu!

MARC

LEADER 00000naa$a2200000$$$4500
001 0066878
005 20240502071810.7
041 0 |a slo 
044 |a SK 
245 1 0 |a Opravné položky  |c Miroslava Vašeková 
100 1 |a Vašeková, Miroslava, 1978-